000 00344nam a2200133 i 4500
001 bg
100 1 _aKINASTOWSKI, Włodzimierz
245 0 _aBiologia i kosmobiologia a światopogląd /
_cWłodzimierz Kinastowski.
260 _aWarszawa,
_c1979.
040 _cBPK
041 _apol
942 _cKS
008 s pl f |000 0 pol
999 _c21441
_d21441
856 _uhttp://koha.tu.koszalin.pl/cgi-bin/koha/opac-detail.pl?biblionumber=21441
_yKatalog online BPK